000 00498nam a22001817a 4500
003 OSt
005 20140310182052.0
008 130822t xxu||||| |||| 00| 0 eng d
050 _aBT 736
_b.W638 1993
082 _aHS 231
_bWi63 1993
100 _aWiddas, John
_912138
245 _aLightning from heaven /
_cJohn Widdas and Peter Mockford.
260 _aEastbourne :
_bKingsway Publications,
_c1993.
300 _a219 p. ;
_c18 cm.
650 _aRevolution
_912139
942 _2lcc
999 _c9011
_d9011